1342 1107 1484 1666 1673 1838 1416 1830 1904 1017 1318 1694 1438 1444 1009 1902 1789 1495 1455 1423 1825 1093 1686 1908 1555 1679 1541 1679 1221 1202 1372 1583 1113 1434 1240 1696 1118 1306 1712 1392 1138 1140 1443 1658 1942 1896 1965 1474 1558 1646 1766 1863 1131 1687 1382 1109 1149 1200 1069 1257 1719 1324 1633 1762 1707 1989 1750 1355 1020 1724 1120 1924 1083 1863 1982 1162 1273 1384 1285 1095 1553 1465 1935 1182 1862 1358 1739 1252 1405 1974 1235 1087 1624 1413 1617 1902 1593 1471 1186 BCNSPRNW ULIB Ver.6.0+V

เปลี่ยนเป็นภาษาไทย

Change to English
 แสดงรายละเอียดบรรณานุกรม
  กลับหน้าหลัก

Brief Record : Get Marc (ISO 2709) : E-mail record : QR code < ปิดหน้าต่าง
LEADER : 00000nam 2200000uu 4500
001    13399122885
003     ULIB
008    131025s2013||||th 000 0 eng d
020    ^a9780323056649 (pbk.)
060 04 ^aWY18.2^bI29
245 00 ^aIllustrated study guide for the NCLEX-RN exam /^ceditors, JoAnn Zerwekh, Jo Carol Claborn
246 30 ^aStudy guide for the NCLEX-RN exam
246 30 ^aNCLEX-RN exam
250    ^a7th ed.
260    ^aSt. Louis :^bMosby Elsevier,^c2013
300    ^axix, 620 p. :^bcol. ill. ;^c28 cm. +^e1 computer optical disc
500    ^aIncludes index
650  7 ^aNursing^zUnited States^vExaminations, questions, etc.
650  7 Nursing care^xExamination
700 1  ^aZerwekh, JoAnn Graham,^eed.
700 1  ^aClaborn, Jo Carol,^eed.
945    ^p0^l0^i034103
999    ^aเกษร โพธิ์สุวรรณ
รายการนี้ยังไม่มีแท็ก
คุณยังไม่ได้ล็อกอิน คุณสามารถมีกิจกรรมร่วมกับเว็บไซต์ได้ แต่ต้องล็อกอินก่อน ::
  ล็อกอิน

รายการสื่อสารสนเทศ

ลำดับที่ ประเภท เลขเรียก/บาร์โค้ด สถานที่ สถานะ
1. Book การพยาบาล
Book การพยาบาล
WY18.2 I29  
  Barcode: 034103
ห้องสมุดวิทยาเขตสวรรค์ประชารักษ์
►หนังสือทั่วไป
บนชั้น

รายการใกล้เคียง
    หัวเรื่อง [Nursing care Examination]

BibComment


ยังไม่เคยถูกคอมเมนท์

คอมเมนท์ทรัพยากรรายการนี้
  คอมเมนท์: Illustrated stud..


 Copyright 2026. Bcnsprnw @Library